| 000 | 00000nam 22000008a 4500 |
| 001 | 9.841709 |
| 003 | CaOODSP |
| 005 | 20221107152144 |
| 007 | cr ||||||||||| |
| 008 | 170915s1984 onc |o f|0| 0 fre d |
| 040 | |aCaOODSP|bfre |
| 041 | |afre|aeng |
| 043 | |an-cn--- |
| 086 | 1 |aR5-378/1984-PDF |
| 100 | 1 |aSimpson, J. |
| 245 | 10|aHeadquarters consulting and professional services inventory |h[ressource électronique] = |bRépertoire des services consultatifs et professionnels à l'administration centrale / |cJ. Simpson. |
| 246 | 31|aRépertoire des services consultatifs et professionnels à l'administration centrale |
| 260 | |a[Ottawa] : |bAffaires indiennes et du Nord Canada, Services techniques et marchés, Direction de la Politique et des services des marchés, |c[1984] |
| 300 | |a51 p. |
| 500 | |aÉdition numérisée de l’imprimé [par Affaires autochtones et du Nord Canada]. |
| 520 | |a"Le Manuel de la politique administrative du Conseil du Trésor, Chapitre 315, exige que les ministères établissent et tiennent à jour un répertoire renfermant les noms d'un nombre représentatif d'entreprises et de personnes susceptibles de fournir des services spécialisés." |
| 692 | 07|2gccst|aService conseil |
| 710 | 1 |aCanada. |bAffaires indiennes et du Nord Canada. |
| 791 | |tHeadquarters consulting and professional services inventory |eeng|w(CaOODSP)9.841708 |
| 856 | 40|qPDF|s2.32 Mo|uhttps://publications.gc.ca/collections/collection_2017/aanc-inac/R5-378-1984.pdf |
| 986 | |aEA-HQ-84-66 |